| 000 | 00994nam a2200301 i 4500 | ||
|---|---|---|---|
| 001 | bg | ||
| 003 | BPK | ||
| 005 | 20200813145021.0 | ||
| 008 | 080314s2007 pl a f f |000 0 pol | ||
| 015 | _aPB 2008/7334 | ||
| 020 | _a9788372077264 | ||
| 040 |
_aWA N _cBPK |
||
| 080 | _a532 | ||
| 080 | _a504 | ||
| 080 | _a628 | ||
| 080 | _a(075.8) | ||
| 100 | 1 |
_aMitosek, Marek _eAutor |
|
| 245 | 1 | 0 |
_aMechanika płynów w inżynierii i ochronie środowiska / _cMarek Mitosek. |
| 260 |
_aWarszawa : _bOficyna Wydawnicza Politechniki Warszawskiej, _c2007. |
||
| 300 |
_a445 s., [1] k. tabl. złoż. : _bil. ; _c24 cm. |
||
| 504 | _aBibliogr. s. 444-445. | ||
| 650 | 4 | _aInżynieria środowiska | |
| 655 | 4 | _aPodręczniki akademickie | |
| 650 | 4 | _aMechanika płynów | |
| 710 | 2 |
_aPolitechnika Warszawska. _bOficyna Wydawnicza. _4pbl. |
|
| 942 |
_2UKD _cKS |
||
| 856 |
_uhttp://koha.tu.koszalin.pl/cgi-bin/koha/opac-detail.pl?biblionumber=54846 _yKatalog online BPK |
||
| 999 |
_c54846 _d54846 |
||